| 000 | 03764nam a22006255i 4500 | ||
|---|---|---|---|
| 001 | 978-3-319-40914-6 | ||
| 003 | DE-He213 | ||
| 005 | 20210118132904.0 | ||
| 007 | cr nn 008mamaa | ||
| 008 | 160824s2017 gw | s |||| 0|eng d | ||
| 020 |
_a9783319409146 _9978-3-319-40914-6 |
||
| 024 | 7 |
_a10.1007/978-3-319-40914-6 _2doi |
|
| 050 | 4 | _aQ162 | |
| 072 | 7 |
_aPDZ _2bicssc |
|
| 072 | 7 |
_aSCI000000 _2bisacsh |
|
| 072 | 7 |
_aPDZ _2thema |
|
| 082 | 0 | 4 |
_a500 _223 |
| 100 | 1 |
_aLasbury, Mark E. _eauthor. _4aut _4http://id.loc.gov/vocabulary/relators/aut |
|
| 245 | 1 | 4 |
_aThe Realization of Star Trek Technologies _h[electronic resource] : _bThe Science, Not Fiction, Behind Brain Implants, Plasma Shields, Quantum Computing, and More / _cby Mark E. Lasbury. |
| 250 | _a1st ed. 2017. | ||
| 264 | 1 |
_aCham : _bSpringer International Publishing : _bImprint: Springer, _c2017. |
|
| 300 |
_aXXII, 320 p. 77 illus., 69 illus. in color. _bonline resource. |
||
| 336 |
_atext _btxt _2rdacontent |
||
| 337 |
_acomputer _bc _2rdamedia |
||
| 338 |
_aonline resource _bcr _2rdacarrier |
||
| 347 |
_atext file _bPDF _2rda |
||
| 505 | 0 | _aPhasers Weapons of Less Destruction -- Cloaking Devices -- The Replicator Maybe You Can Have Everything -- Deflector Shields: The Best Offense Is a Good Defense -- The Tractor Beam Pulling Earth Out of the Fire -- Universal Translators -- Geordi’s Visor -- The Transporter -- The Tricorder -- Bibliography -- Index. . | |
| 520 | _aAs Star Trek celebrates its 50th anniversary, the futuristic tools of Kirk, Spock, Scott, and McCoy continue to come to life. This book merges Star Trek scientific lore—how the science of the time informed the implementation of technology in the series—and the science as it is playing out today. Scientists and engineers have made and continue to develop replicators, teletransporters, tractor beams, and vision restoring visors. This book combines the vision of 1966 science fiction with the latest research in physics, biotechnology, and engineering. | ||
| 650 | 0 | _aPopular works. | |
| 650 | 0 | _aEngineering design. | |
| 650 | 0 | _aSignal processing. | |
| 650 | 0 | _aImage processing. | |
| 650 | 0 | _aSpeech processing systems. | |
| 650 | 0 | _aBiomedical engineering. | |
| 650 | 0 | _aComputational intelligence. | |
| 650 | 1 | 4 |
_aPopular Science, general. _0http://scigraph.springernature.com/things/product-market-codes/Q00007 |
| 650 | 2 | 4 |
_aEngineering Design. _0http://scigraph.springernature.com/things/product-market-codes/T17020 |
| 650 | 2 | 4 |
_aSignal, Image and Speech Processing. _0http://scigraph.springernature.com/things/product-market-codes/T24051 |
| 650 | 2 | 4 |
_aBiomedical Engineering and Bioengineering. _0http://scigraph.springernature.com/things/product-market-codes/T2700X |
| 650 | 2 | 4 |
_aComputational Intelligence. _0http://scigraph.springernature.com/things/product-market-codes/T11014 |
| 710 | 2 | _aSpringerLink (Online service) | |
| 773 | 0 | _tSpringer eBooks | |
| 776 | 0 | 8 |
_iPrinted edition: _z9783319409122 |
| 776 | 0 | 8 |
_iPrinted edition: _z9783319409139 |
| 856 | 4 | 0 | _uhttps://doi.org/10.1007/978-3-319-40914-6 |
| 912 | _aZDB-2-HTY | ||
| 999 |
_c448361 _d448361 |
||
| 942 | _cEB | ||
| 506 | _aAvailable to subscribing member institutions only. Доступно лише організаціям членам підписки. | ||
| 506 | _fOnline access from local network of NaUOA. | ||
| 506 | _fOnline access with authorization at https://link.springer.com/ | ||
| 506 | _fОнлайн-доступ з локальної мережі НаУОА. | ||
| 506 | _fОнлайн доступ з авторизацією на https://link.springer.com/ | ||